| 000 | 00511nam a2200181 i 4500 | ||
|---|---|---|---|
| 001 | 114558 | ||
| 003 | ES-MaACL | ||
| 005 | 20230906190204.0 | ||
| 007 | t| | ||
| 008 | 070309s1908 xxk ||||1| eng d | ||
| 080 | _a821.111-31"18" | ||
| 100 | 1 |
_aDe Quincey, Thomas. _943071 |
|
| 245 | 1 | 0 |
_aConfessions of an English opium-eater / _cby Thomas De Quincey. |
| 250 | _a1st ed., 2nd impr. | ||
| 260 |
_aLondon : _bGeorge Routledge & Sons, _c1908. |
||
| 300 |
_a283 p. ; _c16 cm. |
||
| 852 |
_aES-MaACL _jG-14904 |
||
| 999 |
_c114558 _d114558 |
||